| 000 | 00501nam a22001817a 4500 | ||
|---|---|---|---|
| 005 | 20251108172328.0 | ||
| 008 | 250721s9999 xx 000 0 ara d | ||
| 082 | 1 | 4 | _a332.1/محم |
| 100 | 1 | _aشافعي، محمد زكي | |
| 245 | 1 | 0 | _aمقدمة في النقود و البنوك / |
| 250 | _aط7 | ||
| 264 | 1 |
_aالقاهرة : _bدار النهضة العربية، _c[19-]. |
|
| 300 | _a454ص | ||
| 650 | 1 | 7 | _aالنقود |
| 650 | 1 | 7 | _aالبنوك |
| 942 |
_2ddc _cBK |
||
| 999 |
_c76320 _d76320 |
||